000
00345 a2200169 4500
001
161557
020
_a
85-7056-287-X
040
_c
Magnum
100
_a
Viana, Vivina de Assis
240
1
0
_a
Ana e Pedro
_l
por
245
1
0
_a
Ana e Pedro
300
_a
84
362
0
_a
1994
440
1
_a
Atual
697
_a
LITERATURA JUVENIL
942
_c
BK
999
_c
161557
_d
161557